| 000 | 00486nam a2200217Ia 4500 | ||
|---|---|---|---|
| 008 | 170918s9999 xx 000 0 und d | ||
| 020 | _a9780545496049 | ||
| 050 | _bL926 2013 | ||
| 100 | _aLubar, David | ||
| 245 | _aMeltdown madness / | ||
| 245 | _cby David Lubar. | ||
| 260 | _aNew York : | ||
| 260 | _bScholastic, | ||
| 260 | _c2013 | ||
| 300 | _a90 pages : | ||
| 300 | _billustrations ; | ||
| 300 | _c19cm. | ||
| 300 | _eLooniverse ; | ||
| 440 | _a2 | ||
| 500 | _a480 | ||
| 999 |
_c343836 _d343836 |
||